Statistics for 21-岐阜県の市町村クイズ

Click here to take the quiz!

General Stats

  • This quiz has been taken 377 times
    (177 since last reset)
  • The average score is 27 of 42

Answers on the Map

Answers color-coded by a green-red scale on the quiz's map according to % correct below.
 

Answer Stats

Answer% Correct
高山たかやま
88%
中津川なかつがわ
81%
飛騨ひだ
81%
郡上ぐじょう
80%
白川しらかわむら
79%
岐阜ぎふ
77%
揖斐川いびがわちょう
76%
大垣おおがき
76%
下呂げろ
76%
各務原かかみがはら
74%
関ケ原せきがはらちょう
74%
東白川ひがししらかわむら
74%
恵那えな
73%
せき
73%
多治見たじみ
71%
岐南ぎなんちょう
70%
海津かいづ
69%
笠松かさまつちょう
69%
可児かに
69%
本巣もとす
69%
美濃みの
67%
山県やまがた
67%
白川しらかわちょう
64%
土岐とき
64%
瑞穂みずほ
63%
羽島はしま
62%
瑞浪みずなみ
62%
美濃加茂みのかも
62%
養老ようろうちょう
62%
北方きたがたちょう
58%
坂祝さかほぎちょう
57%
垂井たるいちょう
56%
御嵩みたけちょう
56%
輪之内わのうちちょう
56%
安八あんぱちちょう
52%
八百津やおつちょう
52%
富加とみかちょう
50%
神戸ごうどちょう
49%
七宗ひちそうちょう
49%
大野おおのちょう
48%
池田いけだちょう
46%
川辺かわべちょう
43%

Score Distribution

Percentile by Number Answered

Percent of People with Each Score

Your Score History

You have not taken this quiz since the last reset